| 000 | 00488nam a2200169Ia 4500 | ||
|---|---|---|---|
| 005 | 20250423101311.0 | ||
| 008 | 250422s9999 xx 000 0 und d | ||
| 020 | _a978- 0- 19- 509835- 8 | ||
| 050 | _aBR 1718.M3 .J64/ | ||
| 100 | _aPaul E. Johnson | ||
| 245 | 4 | _aThe kingdom of mathias: a story of sex and salvation in 19th century America | |
| 260 | _bOxford university press | ||
| 260 | _c1994 | ||
| 300 | _a222 p | ||
| 650 | _aKingdom of mathias (cult)- Biography | ||
| 942 | _cBK | ||
| 999 |
_c35903 _d35903 |
||